000 00649nam a2200181 i 4500
001 127761
003 ES-MaACL
005 20230906193059.0
007 t|
008 070214s1965 ag r ||||1| spa d
100 1 _aRivacoba y Rivacoba, Manuel de.
_997535
245 1 3 _aEl proceso de Lieja a la luz de la dogmática penal /
_cManuel de Rivacoba y Rivacoba.
260 _aSanta Fe (Argentina) :
_b[s. n.],
_c1965 (
_fImp. Universidad Nacional del Litoral)
300 _a12 h. ;
_c23 cm.
595 _aTirada aparte de: Revista Universidad, 1965, p. 153-175.
710 2 _aUniversidad Nacional del Litoral.
_97427
852 _aES-MaACL
_j2104-F-16
999 _c127761
_d127761